|
|
|
|
| LEADER |
00000nab a2200000 4500 |
| 001 |
vtls012269352 |
| 003 |
SK-MaSNL |
| 005 |
20260318115146.0 |
| 008 |
250114c2021 xo er|n || ||00 c0ukr |
| 015 |
|
|
|a SNBRB2025/01
|
| 038 |
|
|
|a SVKPOCL
|
| 040 |
|
|
|a SVKPOCL
|b slo
|c SVKPOCL
|e rda
|
| 041 |
0 |
|
|a ukr
|
| 043 |
|
|
|a e-xo---
|
| 044 |
|
|
|a xo
|c SK
|
| 072 |
|
7 |
|a 316.3
|x Globálne spoločnosti. Sociálna štruktúra. Sociálne skupiny
|2 konspekt
|
| 072 |
|
7 |
|a 316.7
|x Sociológia kultúry. Kultúrny život
|2 konspekt
|
| 080 |
|
|
|a 342.724
|2 2011
|
| 080 |
|
|
|a 342.518
|2 2011
|
| 080 |
|
|
|a 354.1:316.022.4
|2 2011
|
| 080 |
|
|
|a (=161.25)
|2 2011
|
| 080 |
|
|
|a 316.022.4(=161.25)
|2 2011
|
| 080 |
|
|
|a 314.113:323.1
|2 2011
|
| 080 |
|
|
|a 811.161.25
|2 2011
|
| 080 |
|
|
|a (437.6)
|2 2011
|
| 100 |
1 |
|
|a Medviď, Peter,
|d 1981-
|4 aut
|9 268505
|
| 245 |
1 |
0 |
|a O narodnostnim zakoni jidnav upovnomočenŷj z Rusynamy
|c Petro Medviď
|
| 300 |
|
|
|b Fotografie
|
| 336 |
|
|
|a text
|b txt
|2 rdacontent
|
| 337 |
|
|
|a bez média
|b n
|2 rdamedia
|
| 338 |
|
|
|a zväzok
|b nc
|2 rdacarrier
|
| 600 |
1 |
7 |
|a Bukovszky, László,
|d 1966-
|2 svkpocl
|9 101992
|
| 600 |
1 |
7 |
|a Pilip, Milan Ján,
|d 1980-
|2 svkpocl
|9 1332484
|
| 600 |
1 |
7 |
|a Medviď, Peter,
|d 1981-
|2 svkpocl
|9 268505
|
| 600 |
1 |
7 |
|a Karaš, Martin,
|d 1985-
|2 svkpocl
|9 569709
|
| 600 |
1 |
7 |
|a Štefaňák, Peter,
|d 1985-
|2 svkpocl
|9 1306967
|
| 600 |
1 |
7 |
|a Badida, Jozef
|2 svkpocl
|9 1164423
|
| 610 |
1 |
7 |
|a Slovensko.
|b Vláda.
|b Rada pre ľudské práva, národnostné menšiny a rodovú rovnosť.
|b Úrad splnomocnenca vlády Slovenskej republiky pre národnostné menšiny
|2 svkpocl
|9 1327317
|
| 648 |
|
7 |
|a 23.11.2021
|2 svkpocl
|9 1604277
|
| 648 |
|
7 |
|a 2021
|2 svkpocl
|9 368183
|
| 648 |
|
7 |
|a 2020
|2 svkpocl
|9 340435
|
| 650 |
0 |
7 |
|a Rusíni
|2 SNKPH
|9 4087
|
| 650 |
0 |
7 |
|a jazykový zákon
|2 SNKPH
|9 390262
|
| 650 |
0 |
7 |
|a národnostné menšiny
|2 SNKPH
|9 2669
|
| 650 |
0 |
7 |
|a pracovné stretnutia
|2 svkpocl
|9 513273
|
| 650 |
0 |
7 |
|a jazyková politika
|2 SNKPH
|9 4506
|
| 650 |
0 |
7 |
|a rusínčina
|2 SNKPH
|9 51510
|
| 650 |
0 |
7 |
|a národnostné pomery
|2 SNKPH
|9 3861
|
| 650 |
0 |
7 |
|a spoločnosť a politika
|2 SNKPH
|9 1526
|
| 650 |
0 |
7 |
|a národnostná politika
|2 SNKPH
|9 4656
|
| 651 |
|
7 |
|a Bratislava (Slovensko)
|2 SNKPH
|9 14568
|
| 651 |
|
7 |
|a Slovensko
|2 SNKPHgeo
|9 14231
|
| 773 |
0 |
|
|t NN info Rusyn
|g Roč. XVIII (30), č. 22 (2021), s. [1], 2
|x 2454-0013
|
| 852 |
|
|
|a SVKPO
|b KIS3GCP
|
| 958 |
|
|
|a RN
|
| 958 |
|
|
|a SS
|
| 958 |
|
|
|a SK
|
| 958 |
|
|
|a NM
|
| 958 |
|
|
|a LX
|
| 999 |
|
|
|c 3304613
|d 3306543
|